Jasmine's Pokemon - Statistics

General Stats
  • This quiz has been taken 3 times
  • The average score is 14 of 22
Answer Stats
She uses it in Answer % Correct
Unova Forretress
100%
Stadium 2 Magneton
100%
Johto Metagross
100%
Stadium 2 Scizor
100%
Johto Skarmory
100%
Unova Skarmory
100%
Johto Steelix
100%
Johto Bronzong
67%
Johto Empoleon
67%
Unova Excadrill
67%
Unova Klinklang
67%
Unova Lucario
67%
Johto Magnemite
67%
Johto Magnezone
67%
Unova Mawile
67%
Stadium 2 Blastoise
33%
Stadium 2 Corsola
33%
Stadium 2 Mantine
33%
Stadium 2 Rapidash
33%
Stadium 2 Slowbro
33%
Stadium 2 Stantler
33%
Unova Forrethorn
0%
No matching quizzes found
Score Distribution
Percent of People with Each Score
Percentile by Number Answered
Your Score History
You have not taken this quiz